[Event "Mukachevo Masters IM 2018"]
[Site "Mukachevo"]
[Date "2018.10.21"]
[Round "8"]
[White "Vypkhaniuk, Ihor"]
[Black "Srinath, Rao S.V."]
[Result "1/2-1/2"]
[WhiteElo "2389"]
[BlackElo "2325"]
[Annotator "TA"]
[PlyCount "32"]
[EventDate "2018.08.17"]
[EventType "swiss"]
[EventCountry "UKR"]
[SourceTitle "playchess.com"]
[Source "ChessBase"]
[SourceQuality "1"]

{[%evp 15,20,16,21,0,0,-7,-8]} 1. d4 Nf6 2. Nf3 e6 3. g3 b6 4. Bg2 Bb7 5. O-O Be7 6. c4 O-O 7. Nc3 d5 8. cxd5 Nxd5 {The position is equal.} 9. Bd2 {E18: Queen's Indian: Old Main Line (4 g3 Bb7 5 Bg2 Be7 6 0-0 0-0 7 Nc3)} (9. Nxd5 Bxd5 10. Qc2 f5 11. Bf4 c6 12. Rfd1 Nd7 13. Ne5 Nxe5 14. Bxe5 Qe8 15. e4 fxe4 16. Bxe4 Qh5 17. f4 Bf6 18. Bxd5 cxd5 19. Re1 Rac8 20. Qe2 Qxe2 21. Rxe2 Rc6 {½-½ (21) Atalik,S (2525)-Lajthajm,B (2434) Paracin 2017 CBM 180 [Atalik,S]}) 9... Nd7 10. Rc1 c5 {Predecessor:} 11. e3 $146 N7f6 12. Qb3 Nxc3 13. Bxc3 Bd5 14. Qa4 Ne4 15. Rfd1 Nxc3 16. bxc3 Qc7 {1-0 (50) Avramescu,P (2063)-Chima,R (2140) Olanesti 2016} 1/2-1/2

[Event "Mukachevo Masters IM 2018"]
[Site "Mukachevo"]
[Date "2018.10.21"]
[Round "8"]
[White "Tiba, Vladyslav"]
[Black "Kagramanianz, Vartan"]
[Result "1/2-1/2"]
[WhiteElo "2337"]
[BlackElo "2231"]
[Annotator "TA"]
[PlyCount "21"]
[EventDate "2018.08.17"]
[EventType "swiss"]
[EventCountry "UKR"]
[SourceTitle "playchess.com"]
[Source "ChessBase"]
[SourceQuality "1"]

{[%evp 18,20,42,43,49]} 1. e4 e5 2. Nf3 d6 3. d4 Nd7 4. Nc3 Ngf6 5. Bc4 Be7 6. O-O O-O 7. Re1 c6 8. a4 a5 9. h3 Qc7 10. Bg5 {LiveBook: 16 Games. C41: Philidor Defence} (10. Be3 Nb6 11. Ba2 Nfd7 12. Qe2 Bf6 13. d5 Be7 14. Rad1 Nf6 15. Nd2 Bd7 16. Nc4 Nxc4 17. Qxc4 Rac8 18. Qb3 cxd5 {1-0 (80) Howell,D (2644)-Maghsoodloo,P (2584) Doha 2016}) 10... h6 {Predecessor:} 11. Bh4 $146 1/2-1/2

[Event "Mukachevo Masters IM 2018"]
[Site "Mukachevo"]
[Date "2018.10.21"]
[Round "8"]
[White "Boricsev, Oleg"]
[Black "Shkuran, Danylo"]
[Result "1/2-1/2"]
[WhiteElo "2298"]
[BlackElo "2371"]
[Annotator "TA"]
[PlyCount "41"]
[EventDate "2018.08.17"]
[EventType "swiss"]
[EventCountry "UKR"]
[SourceTitle "playchess.com"]
[Source "ChessBase"]
[SourceQuality "1"]

{[%evp 15,21,21,44,31,37,0,0,-24]} 1. e4 c5 2. Nf3 d6 3. d4 cxd4 4. Nxd4 Nf6 5. Nc3 a6 6. Be2 e5 7. Nb3 Be7 8. Be3 Nc6 9. O-O {B92: Sicilian Najdorf: 6 Be2} Be6 10. Kh1 O-O 11. f4 (11. f3 a5 12. Nd2 a4 13. Nc4 Bxc4 14. Bxc4 Qa5 15. a3 Rfc8 16. Qd3 Nd7 17. Nd5 {1-0 (34) Ivanchuk,V (2747)-Bologan,V (2640) Doha 2016}) {Predecessor:} 11... exf4 $146 12. Bxf4 b5 13. Bf3 Ne5 14. Nd4 Rc8 15. Nd5 Nfd7 16. a4 Nxf3 17. Qxf3 Ne5 18. Qe2 Bxd5 19. exd5 Bf6 20. axb5 axb5 21. Nxb5 {1-0 (47) Aravindh,C (2276)-Gomes,M (2381) Kolkata 2012} 1/2-1/2

[Event "Mukachevo Masters IM 2018"]
[Site "Mukachevo"]
[Date "2018.10.21"]
[Round "8"]
[White "Bidsila, Andrej"]
[Black "Oros, Robert"]
[Result "0-1"]
[WhiteElo "2261"]
[BlackElo "2336"]
[Annotator "NA"]
[PlyCount "44"]
[EventDate "2018.08.17"]
[EventType "swiss"]
[EventCountry "UKR"]
[SourceTitle "playchess.com"]
[Source "ChessBase"]
[SourceQuality "1"]
[TimeControl "5400+30"]

{[%evp 8,44,18,-1,0,-8,-2,-22,-8,-16,-5,0,0,0,-4,-42,-15,32767,32767,32767,32767,32767,32767,32767,32767,-51,-37,-62,0,-36,-26,32767,32767,-29984,-29986,-29994,32767,32767,-29996]} 1. Nf3 {[%emt 0:00:00]} d5 {[%emt 0:00:13]} 2. e3 {[%emt 0:00:55]} c5 {[%emt 0:01:21]} 3. Bb5+ {[%emt 0:01:28]} Nc6 {[%emt 0:00:13]} 4. c3 {[%emt 0:01:18]} Qd6 {[%emt 0:01:33]} 5. d4 {[%emt 0:00:35]} Bg4 {[%emt 0:00:47]} 6. dxc5 {[%emt 0:02:10]} Qxc5 {[%emt 0:00:23]} 7. Bxc6+ {[%emt 0:00:52]} bxc6 {[%emt 0:01:09]} 8. Nbd2 {[%emt 0:01:03]} Nf6 {[%emt 0:00:40]} 9. Qa4 {[%emt 0:00:15]} Bxf3 {[%emt 0:10:45]} 10. Nxf3 {[%emt 0:00:49]} e6 {[%emt 0:01:56]} 11. Qd4 {[%emt 0:02:03]} Qb5 {[%emt 0:00:40]} 12. a4 {[%emt 0:04:47]} Qa6 {[%emt 0:00:25]} 13. b4 {[%emt 0:00:29]} c5 {[%emt 0:01:30]} 14. bxc5 {[%emt 0:04:43]} Be7 {[%emt 0:00:40]} 15. Ne5 {[%emt 0:06:22]} O-O {[%emt 0:04:40]} 16. f3 {[%emt 0:02:36]} Rfc8 {[%emt 0:01:04]} 17. Ba3 {[%emt 0:02:37]} Rab8 {[%emt 0:00:51]} 18. Kf2 {[%emt 0:03:08]} Rb3 {[%emt 0:00:42]} 19. Bb4 {[%emt 0:10:56]} Rb2+ {[%emt 0:00:18]} 20. Kg3 {[%emt 0:01:58]} Qe2 {[%emt 0:01:50]} 21. Rhg1 {[%emt 0:00:25]} Ne4+ {[%emt 0:01:00]} 22. Kh3 {[%emt 0:06:20]} Qf2 {[%emt 0:04:00]} 0-1

[Event "Mukachevo Masters IM 2018"]
[Site "Mukachevo"]
[Date "2018.10.21"]
[Round "8"]
[White "Vachylia, Andrii"]
[Black "Larkin, Vladyslav"]
[Result "0-1"]
[WhiteElo "2238"]
[BlackElo "2234"]
[Annotator "NA"]
[PlyCount "88"]
[EventDate "2018.08.17"]
[EventType "swiss"]
[EventCountry "UKR"]
[SourceTitle "playchess.com"]
[Source "ChessBase"]
[SourceQuality "1"]
[TimeControl "5400+30"]

1. d4 {[%emt 0:00:00]} d5 {[%emt 0:00:03]} 2. c4 {[%emt 0:00:00]} c6 {[%emt 0:00:05]} 3. Nf3 {[%emt 0:00:00]} Nf6 {[%emt 0:00:11]} 4. Nc3 {[%emt 0:00:00]} Bf5 {[%emt 0:00:19]} 5. Qb3 {[%emt 0:06:44]} Qb6 {[%emt 0:00:19]} 6. c5 {[%emt 0:00:15]} Qc7 {[%emt 0:09:37]} 7. Bf4 {[%emt 0:00:09] LiveBook: 36 Games} Qc8 {[%emt 0:00:03]} 8. e3 {[%emt 0:00:13] D15: Damengambit (Slawische Verteidigung)} Nbd7 {[%emt 0:00:20]} 9. Be2 {[%emt 0:02:32]} e6 {[%emt 0:00:21]} 10. O-O {[%emt 0:01:23]} Be7 {[%emt 0:10:14]} 11. Qd1 {[%emt 0:00:16]} Bd8 $146 {[%emt 0:05:25]} ({Vorgänger:} 11... h6 12. b4 b6 13. Rc1 O-O 14. h3 a5 15. a3 Qb7 16. Qd2 {½-½ (47) Wagner,C (2330)-Rausis,I (2495) Paris 1994}) 12. Nh4 {[%emt 0:05:25]} Bc7 {[%emt 0:08:54]} 13. Nxf5 {[%emt 0:00:40]} exf5 {[%emt 0:00:06]} 14. Bd3 {[%emt 0:01:41]} Bxf4 {[%emt 0:00:23]} 15. exf4 {[%emt 0:00:06]} g6 {[%emt 0:00:06]} 16. f3 {[%emt 0:02:34]} Qc7 {[%emt 0:04:01]} 17. Qe1+ {[%emt 0:00:21]} Kf8 {[%emt 0:00:23]} 18. Qh4 {[%emt 0:00:10]} Kg7 {[%emt 0:00:47]} 19. Ne2 {[%emt 0:02:10]} Rhe8 {[%emt 0:09:07]} 20. Rad1 {[%emt 0:00:41]} (20. Ng3 $11) 20... b6 {[%emt 0:05:58]} 21. Rf2 {[%emt 0:11:57]} (21. b4 $15) 21... bxc5 {[%emt 0:07:56]} 22. dxc5 {[%emt 0:00:05]} Qa5 {[%emt 0:00:32]} 23. g4 {[%emt 0:00:21]} fxg4 {[%emt 0:07:51]} 24. fxg4 {[%emt 0:03:02]} Qxc5 {[%emt 0:00:42]} 25. Ng3 {[%emt 0:01:09]} Rad8 {[%emt 0:02:17]} 26. g5 {[%emt 0:07:36]} Ne4 {[%emt 0:00:29]} 27. Bxe4 {[%emt 0:00:11]} dxe4 {[%emt 0:00:07]} 28. b4 {[%emt 0:00:25]} Qxb4 {[%emt 0:02:24]} 29. f5 {[%emt 0:02:54]} Kg8 {[%emt 0:09:23]} 30. Rfd2 {[%emt 0:10:50]} Qb6+ {[%emt 0:01:23]} 31. Kg2 {[%emt 0:00:09]} Nc5 {[%emt 0:00:29]} 32. Kh3 {[%emt 0:05:53]} Rxd2 {[%emt 0:01:47]} 33. Rxd2 {[%emt 0:00:04]} Nd3 {[%emt 0:01:20]} 34. Re2 {[%emt 0:06:28]} Qg1 {[%emt 0:01:32]} 35. f6 {[%emt 0:00:38]} h5 {[%emt 0:00:34]} 36. gxh6 {[%emt 0:01:38]} Kh7 {[%emt 0:00:08]} 37. Qg4 {[%emt 0:02:43]} Re6 {[%emt 0:08:30]} 38. Nxe4 {[%emt 0:00:40]} Qxg4+ {[%emt 0:00:21]} 39. Kxg4 {[%emt 0:00:05]} Rxe4+ {[%emt 0:00:03]} 40. Rxe4 {[%emt 0:00:00]} Nf2+ {[%emt 0:00:00]} 41. Kf4 {[%emt 0:00:00]} Nxe4 {[%emt 0:00:00]} 42. Kxe4 {[%emt 0:00:00]} Kxh6 {[%emt 0:00:00]} 43. a4 {[%emt 0:00:00]} Kg5 {[%emt 0:00:00]} 44. Ke5 {[%emt 0:00:00] [#]} a5 $11 {[%emt 0:00:00]} ({Black should try} 44... c5 $1 $19 {[%cal Rc5c4]} 45. Ke4 Kxf6) 0-1

[Event "Mukachevo Masters IM 2018"]
[Site "Mukachevo"]
[Date "2018.10.22"]
[Round "9"]
[White "Shkuran, Danylo"]
[Black "Vypkhaniuk, Ihor"]
[Result "1/2-1/2"]
[WhiteElo "2371"]
[BlackElo "2389"]
[Annotator "TA"]
[PlyCount "28"]
[EventDate "2018.08.17"]
[EventType "swiss"]
[EventCountry "UKR"]
[SourceTitle "playchess.com"]
[Source "ChessBase"]
[SourceQuality "1"]

{[%evp 17,28,0,-1,-19,0,-7,4,0,-10,-13,-5,-12,0]} 1. Nf3 Nf6 2. g3 g6 3. Bg2 Bg7 4. O-O O-O 5. d4 d6 6. Nc3 Nbd7 7. e4 e5 8. Re1 c6 9. h3 {B07: Pirc Defence: Miscellaneous Systems} (9. a4 Re8 10. h3 Qc7 11. Be3 b6 12. Qd2 Bb7 13. Rad1 Rad8 14. Bg5 a6 15. h4 b5 16. axb5 axb5 17. b3 Qb8 18. dxe5 dxe5 19. Bh3 {½-½ (102) Hou,Y (2680)-Adhiban,B (2655) Wijk aan Zee 2018}) 9... b5 {LiveBook: 3 Games. The position is equal.} 10. a3 a6 11. Bg5 Qb6 12. Be3 {[#] Strongly threatening dxe5.} Qc7 13. Qd2 Re8 14. dxe5 $146 ({Predecessor:} 14. g4 Bb7 15. Rad1 exd4 16. Nxd4 Ne5 17. Qc1 c5 18. Ndxb5 axb5 19. Nxb5 {1-0 (35) Bukanov,S (2317)-Zhukov,V (2084) Sochi 2014}) 14... dxe5 1/2-1/2

[Event "Mukachevo Masters IM 2018"]
[Site "Mukachevo"]
[Date "2018.10.22"]
[Round "9"]
[White "Oros, Robert"]
[Black "Tiba, Vladyslav"]
[Result "0-1"]
[WhiteElo "2336"]
[BlackElo "2337"]
[Annotator "TA"]
[PlyCount "60"]
[EventDate "2018.08.17"]
[EventType "swiss"]
[EventCountry "UKR"]
[SourceTitle "playchess.com"]
[Source "ChessBase"]
[SourceQuality "1"]

{[%evp 13,60,-7,16,-13,29,28,44,27,15,-5,17,0,0,2,0,2,1,-18,-18,0,0,0,0,-9,0,0,0,0,0,0,0,0,3,-13,0,-62,-32,-46,-18,-9,-14,-156,510,-284,-298,-296,-287,-277,-277]} 1. e4 c5 2. Nc3 e6 3. g3 Nc6 4. Bg2 g6 5. Nge2 Bg7 6. d3 d6 7. Be3 Nd4 8. Qd2 {B26: Closed Sicilian: 3 g3, lines with early Be3} (8. Rb1 {looks sharper.} Bd7 9. h4 b5 10. b4 Nxe2 11. Nxe2 cxb4 12. Rxb4 Nf6 13. c4) 8... Nxe2 (8... Ne7 {is interesting.} 9. O-O O-O 10. Bg5 f6 11. Be3 Nec6) (8... Qa5 9. O-O Ne7 10. Nxd4 cxd4 11. Ne2 Qxd2 12. Bxd2 Nc6 13. c3 dxc3 14. Bxc3 Bxc3 15. Nxc3 Nd4 16. Rac1 Bd7 17. f4 Bc6 {1-0 (65) Drazic,S (2426)-Malakhatko,V (2518) Cesme 2017}) 9. Qxe2 Ne7 10. O-O {White is slightly better.} O-O 11. f4 Rb8 12. Qf2 b5 $146 ({Predecessor:} 12... b6 13. d4 cxd4 14. Bxd4 e5 15. Be3 a6 16. Rad1 Qc7 {½-½ (27) Arlt,R (2204)-Rosner,J (2179) Germany 2008}) 13. d4 b4 14. Ne2 c4 15. g4 f5 16. gxf5 exf5 17. e5 Bb7 18. a3 Bxg2 19. Qxg2 bxa3 20. Rxa3 Rxb2 21. Nc3 Qd7 22. Rfa1 Nc8 23. Qd5+ Qf7 24. e6 (24. R1a2 $11 Rxa2 25. Rxa2) 24... Qe7 $36 {[%mdl 2048] Black has some pressure.} 25. Qxc4 Re8 26. d5 Rxc2 {aiming for ...Qh4.} 27. Bf2 {[#]} (27. Qd3 $11 {keeps the balance.} Rb2 28. Nd1) 27... Qf6 $2 (27... Rxf2 $1 $17 {[%mdl 512] keeps the pressure on.} 28. Kxf2 Qh4+ 29. Kg1 Qg4+ 30. Kf2 Qh3) 28. Be1 $4 {[%mdl 8192]} (28. Qa4 $18) 28... Nb6 $19 {Black has a decisive advantage.} 29. Qd3 Qd4+ 30. Qxd4 Bxd4+ {Precision: White = 34%, Black = 38%.} 0-1

[Event "Mukachevo Masters IM 2018"]
[Site "Mukachevo"]
[Date "2018.10.22"]
[Round "9"]
[White "Srinath, Rao S.V."]
[Black "Vachylia, Andrii"]
[Result "1-0"]
[WhiteElo "2325"]
[BlackElo "2238"]
[Annotator "TA"]
[PlyCount "50"]
[EventDate "2018.08.17"]
[EventType "swiss"]
[EventCountry "UKR"]
[SourceTitle "playchess.com"]
[Source "ChessBase"]
[SourceQuality "1"]

{[%evp 10,50,0,-4,0,0,0,-16,0,-45,0,-17,35,17,24,12,37,39,39,-6,29,27,46,0,0,-27,4,8,154,132,170,167,525,514,483,453,747,746,789,796,767,750,1008]} 1. c4 e5 2. Nc3 Nf6 3. Nf3 Nc6 4. a3 d5 5. cxd5 Nxd5 6. e4 Nxc3 {A28: English Opening: Four Knights Variation} (6... Nf4 7. d3 Ne6 8. Be2 a5 9. Be3 Bd6 10. Nb5 O-O 11. Rc1 Re8 12. Nxd6 Qxd6 13. O-O Bd7 14. g3 {0-1 (47) Skytte,R (2385)-Hansen,M (2385) Odense 2018}) 7. bxc3 Bc5 8. Bb5 O-O {The position is equal.} 9. h3 Qf6 (9... f5 $5 {[%cal Rf5e4]} 10. Qb3+ Kh8 11. Bxc6 bxc6 12. Nxe5 fxe4 13. Nf7+ {[#]} Rxf7 $1 {[%mdl 512]} 14. Qxf7 Ba6 $11) 10. d3 Ne7 $146 (10... Qg6 $11) ({Predecessor:} 10... Be6 11. O-O Qg6 12. Kh2 f5 13. Bxc6 bxc6 14. Nh4 {0-1 (62) Mercadante,R (2088)-Cunha,E (1993) Rio de Janeiro 1988}) 11. O-O h6 12. d4 exd4 13. cxd4 {[#] Hoping for e5.} Bb6 14. Kh1 Rd8 15. Be3 Ng6 16. e5 Qe7 17. Bc4 c5 18. Qb1 $36 {[%mdl 2048] White has good play.} cxd4 (18... Kh8 $1 $11) 19. Bxh6 $1 $16 {Intending Qxg6 and mate.} Be6 20. Bg5 Bxc4 $2 (20... Qd7 {is more resistant.} 21. Bxe6 (21. Bxd8 Bxc4 22. Bxb6 Bxf1 $11) 21... Qxe6) 21. Bxe7 $18 {White is clearly winning.} Nxe7 22. Ng5 d3 (22... g6 $142 23. e6 Bxe6 24. Nxe6 fxe6) 23. Qb4 Rac8 24. Qxe7 Bc5 25. Qxb7 d2 {Precision: White = 54%, Black = 26%.} 1-0

[Event "Mukachevo Masters IM 2018"]
[Site "Mukachevo"]
[Date "2018.10.22"]
[Round "9"]
[White "Larkin, Vladyslav"]
[Black "Bidsila, Andrej"]
[Result "1-0"]
[WhiteElo "2234"]
[BlackElo "2261"]
[Annotator "TA"]
[PlyCount "123"]
[EventDate "2018.08.17"]
[EventType "swiss"]
[EventCountry "UKR"]
[SourceTitle "playchess.com"]
[Source "ChessBase"]
[SourceQuality "1"]

{[%evp 9,123,12,26,11,44,41,34,33,26,27,35,44,42,33,70,70,70,56,100,109,151,147,153,146,281,198,185,127,129,77,70,55,38,22,16,0,0,0,20,0,0,0,25,20,14,0,62,62,68,62,66,25,32,31,89,83,126,67,126,93,93,92,92,84,90,93,127,104,119,104,133,140,132,128,168,160,169,143,143,143,143,143,143,143,143,143,158,72,79,0,164,108,144,133,95,95,72,23,23,0,0,0,8,8,1910,1308,1441,1368,29973,29969,29975,29975,29975,29976,29985,29986]} 1. d4 Nf6 2. Bf4 e6 3. e3 c6 (3... c5 4. Nd2 cxd4 5. exd4 Be7 6. Ngf3 O-O 7. Bd3 b6 8. O-O Bb7 9. Re1 d6 10. c3 a6 11. Ng5 h6 12. Nge4 Nxe4 13. Nxe4 Bxe4 14. Bxe4 d5 15. Bc2 Bg5 16. Qd3 g6 17. Rxe6 {1-0 (17) Aronian,L (2767)-Giri,A (2782) chess.com INT 2018}) 4. c3 Be7 $146 ({Predecessor:} 4... b5 5. Nf3 h6 6. Bd3 Bb7 7. h3 c5 8. Bxb5 Qa5 9. Bd3 d5 10. O-O Ba6 11. Ne5 Bxd3 12. Qxd3 {1-0 (21) Oudeh Mishmish,A (1266)-Garcia Lorenzo,J (1199) Tenerife 2017}) 5. Nd2 d5 6. Bd3 {A45: Trompowsky Attack} Bd6 7. Bg3 Qc7 8. Ngf3 {White is slightly better.} Nbd7 9. e4 Bxg3 10. hxg3 dxe4 11. Nxe4 Nxe4 12. Bxe4 Nf6 13. Qe2 Bd7 14. Ne5 Nxe4 15. Qxe4 h6 16. O-O-O Bc8 (16... Qd8 $16 17. Qg4 Rh7) 17. g4 Qe7 18. f4 (18. Nxc6 $18 Qg5+ 19. Kb1) 18... Bd7 $16 19. Nc4 (19. a4 $142) 19... O-O-O 20. Qe5 f6 21. Qd6 Qf8 22. Rhe1 {f5 is the strong threat.} b5 23. Qxf8 Rdxf8 24. Nd6+ Kc7 25. Ne4 Re8 26. Nc5 Bc8 27. Re3 Kd6 (27... e5 $11) 28. Rde1 $36 {[%mdl 2048] White is pushing.} Re7 29. b3 Rhe8 30. g5 hxg5 31. fxg5 fxg5 (31... Kc7 $14) 32. Ne4+ Kd5 33. Nxg5 ({White should try} 33. Rg3 $16) 33... Rf8 ({Black should play} 33... e5 $14) 34. Re5+ Kd6 35. Ne4+ Kc7 36. Re2 Rd8 37. Nc5 Rde8 38. Rf2 Rh8 39. b4 Rd8 40. g4 {[%cal Bg2g4,Bg4g5,Bg5g6,Bg6f7][%mdl 32]} Rd5 41. g5 Kd6 42. Ne4+ Kd7 43. Rf8 Re8 44. Rf7+ Re7 45. g6 Rxf7 46. gxf7 $16 {[%mdl 4096] Endgame KRB-KRN} Ke7 47. Ng5 Rd8 48. Re3 (48. a4 $142) 48... Rd5 {[#]} 49. Re5 (49. Nf3 $1 $16) 49... Rd8 $1 $18 {[#]} 50. Kd2 (50. a4 $1 $18) 50... Rh8 51. Re3 Rh6 52. Rf3 Rf6 53. Ke3 Rf5 54. Rxf5 exf5 $11 {KB-KN} 55. Kf4 g6 56. Ke5 Bb7 $2 {[%mdl 8192]} (56... Bd7 $11) 57. Ne6 $18 Kxf7 58. Nd8+ Kg7 59. Nxb7 {White mates.} Kh6 60. Nd8 Kg5 61. Nxc6 Kg4 62. d5 {Precision: White = 51%, Black = 41%.} 1-0

[Event "Mukachevo Masters IM 2018"]
[Site "Mukachevo"]
[Date "2018.10.22"]
[Round "9"]
[White "Kagramanianz, Vartan"]
[Black "Boricsev, Oleg"]
[Result "1/2-1/2"]
[WhiteElo "2231"]
[BlackElo "2298"]
[Annotator "TA"]
[PlyCount "40"]
[EventDate "2018.08.17"]
[EventType "swiss"]
[EventCountry "UKR"]
[SourceTitle "playchess.com"]
[Source "ChessBase"]
[SourceQuality "1"]

{[%evp 26,28,33,32,37]} 1. d4 d5 2. c4 e6 3. Nc3 c5 4. cxd5 exd5 5. Nf3 Nc6 6. g3 Be7 7. Bg2 Nf6 8. O-O O-O 9. dxc5 Bxc5 10. Na4 Be7 11. Be3 Be6 12. Rc1 {D34: Tarrasch Defence: 6 g3 Nf6 7 Bg2 Be7} Re8 13. Nc5 (13. Bc5 Ne4 14. Bxe7 Qxe7 15. Qb3 Rad8 16. Qe3 Qb4 17. b3 h6 18. Rfd1 Qa3 19. Rc2 Bf5 20. Qc1 Qe7 21. Nd4 Nxd4 22. Rxd4 Nxf2 23. Rc7 Qxe2 24. Rf4 Nh3+ 25. Kh1 Nxf4 {0-1 (25) Mozharov,M (2573)-Zvjaginsev,V (2660) Moscow 2015}) 13... Bxc5 14. Bxc5 {LiveBook: 3 Games} Rc8 {Predecessor:} 15. Qa4 $146 Bd7 16. Qd1 b6 17. Be3 Qe7 18. Re1 h6 19. a3 Na5 20. Rxc8 Rxc8 {1-0 (58) Cip,D (2088)-Kucera,P (2224) Liberec 2013} 1/2-1/2